000 00599nam a22001937a 4500
003 0
005 20250107144829.0
008 250107b xxu||||| |||| 00| 0 eng d
020 _a9798891610002
050 _aG 155
_b.R36 2024
100 _aRandall, Karter
_eauthor.
245 _aMacro perspectives of tourism and hospitality /
_cKarter Randall.
260 _aJersey City, USA :
_bAlexis Press, LLC,
_c2024.
300 _ax, 382 p. :
_bcol. ill. ;
_c27 cm.
504 _aIncludes bibliographical references and index.
650 _aTourism.
650 _aHospitality industry.
942 _2lcc
_cBK
999 _c366916
_d366916